| 000 | 00371nam a2200145 a 4500 | ||
|---|---|---|---|
| 001 | 0440 | ||
| 005 | 20140414131910.0 | ||
| 008 | 040110s19uu xx 00 eng d | ||
| 020 | _a0-7853-0085-6 | ||
| 050 |
_aER _bB53 1993 |
||
| 245 |
_aBirth of Jesus (The) : _bmy little book about. |
||
| 260 |
_aU.S.A : _bNew Season's, _c1993. |
||
| 300 | _ap. ; cm. | ||
| 999 |
_c111163 _d111163 |
||